U.S. Presidents by (Questionably Helpful) Picture Clues - Statistics

General Stats
  • This quiz has been taken 156 times
  • The average score is 16 of 30
Answer Stats
Picture Answer % Correct
James Garfield
90%
John F. Kennedy
90%
George Washington
89%
Herbert Hoover
84%
Jimmy Carter
84%
Bill Clinton
81%
George W. Bush
80%
Barack Obama
76%
Zachary Taylor
74%
Andrew Jackson
73%
Franklin D. Roosevelt
67%
George H.W. Bush
65%
Harry S. Truman
65%
Chester A. Arthur
64%
William Howard Taft
59%
Woodrow Wilson
59%
Dwight D. Eisenhower
54%
William McKinley
50%
Theodore Roosevelt
44%
Thomas Jefferson
43%
Ronald Reagan
41%
Richard Nixon
37%
Abraham Lincoln
35%
Joe Biden
30%
Franklin Pierce
18%
Gerald R. Ford
16%
Rutherford B. Hayes
16%
Donald Trump
14%
Grover Cleveland
10%
James Madison
7%
No matching quizzes found
Score Distribution
Percent of People with Each Score
Percentile by Number Answered
Your Score History
You have not taken this quiz